Lean Six Sigma: 3 Books In 1 The Complete Guide to Implementing Six Sigma Methodology for Continuous Manufacturing Process Improvement (Record no. 3821)

MARC details
005 - DATE AND TIME OF LATEST TRANSACTION
control field 20250612084952.0
020 ## - INTERNATIONAL STANDARD BOOK NUMBER
International Standard Book Number 9798355312503
082 ## - DEWEY DECIMAL CLASSIFICATION NUMBER
Classification number 001.42 RIE
100 ## - MAIN ENTRY--PERSONAL NAME
Author name RIES, J.
245 ## - TITLE STATEMENT
Title Lean Six Sigma: 3 Books In 1 The Complete Guide to Implementing Six Sigma Methodology for Continuous Manufacturing Process Improvement
260 ## - PUBLICATION, DISTRIBUTION, ETC.
Place of publication, distribution, etc. New York,
Name of publisher, distributor, etc. American Bar Association,
Date of publication, distribution, etc. 2022.
300 ## - PHYSICAL DESCRIPTION
Extent 160p.:
Dimensions 23cm.
942 ## - ADDED ENTRY ELEMENTS (KOHA)
Source of classification or shelving scheme Dewey Decimal Classification
Koha item type Books
Holdings
Date last seen Total checkouts Full call number Barcode Cost, replacement price Price effective from Koha item type Lost status Source of classification or shelving scheme Damaged status Not for loan Withdrawn status Home library Current library Shelving location Date acquired Cost, normal purchase price
06/12/2025   001.42 RIE 00000012431 512392.62 06/12/2025 Books   Dewey Decimal Classification       College of Business Education Main Library College of Business Education Main Library General Collection 09/17/2024 170797.54
06/12/2025   001.42 RIE 00000012432 512392.62 06/12/2025 Books   Dewey Decimal Classification       College of Business Education Main Library College of Business Education Main Library General Collection 09/17/2024 170797.54
06/12/2025   001.42 RIE 00000012433 512392.62 06/12/2025 Books   Dewey Decimal Classification       College of Business Education Main Library College of Business Education Main Library General Collection 09/17/2024 170797.54
06/12/2025   001.42 RIE 00000012434 512392.62 06/12/2025 Books   Dewey Decimal Classification       College of Business Education Main Library College of Business Education Main Library General Collection 09/17/2024 170797.54
06/12/2025   001.42 RIE 00000012435 512392.62 06/12/2025 Books   Dewey Decimal Classification       College of Business Education Main Library College of Business Education Main Library General Collection 09/17/2024 170797.54